000
00338nam a2200145Ia 4500
005
20251222154419.0
008
251222s9999||||xx |||||||||||||| ||spa||
020
_a
9972-9264-2-7
082
_a
305.409.85/G84
100
_a
Guardia, Sara Beatriz
245
0
_a
Mujeres Peruanas:
250
_a
4a.ed.
264
_b
Minerva
942
_c
LIB
999
_c
35957
_d
35957